| 000 | 00689nam a2200193 i 4500 | ||
|---|---|---|---|
| 001 | 40651 | ||
| 003 | ES-MaACL | ||
| 005 | 20231229063005.0 | ||
| 007 | t| | ||
| 008 | 030306s1972 sp ||||1| spa d | ||
| 100 | 1 |
_aCarrero Blanco, Luis, _d1904-1973 _935700 |
|
| 245 | 1 | 0 | _aAlocución del vicepresidente del Gobierno Exmo. Sr. D. Luis Carrero Blanco, en el Consejo de Ministros celebrado... el día 7 de diciembre de 1972. |
| 260 |
_a[Madrid] : _bEdiciones del Movimiento, _c[1972] |
||
| 300 |
_a12 p. ; _c21 cm. |
||
| 651 | 4 |
_aEspaña- _xHistoria- _y1955-1975. _98337 |
|
| 710 | 2 |
_aEdiciones del Movimiento. _9171800 |
|
| 852 |
_aES-MaACL _j2081-F-7 |
||
| 999 |
_c40651 _d40651 |
||